On This Day (April 14th) Multiple Choice - Statistics

General Stats
  • This quiz has been taken 16 times
  • The average score is 5 of 15
Answer Stats
Question Answer % Correct
2003 – The Human Genome Project is completed with 99% of the human genome sequenced to an accuracy of what percentage ?. 99.99%
100%
966 – After his marriage to Doubravka of Bohemia, Mieszko I converts to Christianity, an event considered to be the founding of which modern day nation ? Poland
100%
1912 – The British passenger liner RMS Titanic hits an iceberg in the North Atlantic at what time ? 23:40
50%
1865 – U.S. President Abraham Lincoln is shot by John Wilkes Booth in which Washington theatre ? Ford's Theatre
50%
1028 – Henry III, son of Conrad, is elected King of where ? Germany
50%
1986 – What falls on the Gopalganj district of Bangladesh, killing 92 ? One kilogram Hailstones
50%
2003 – U.S. troops capture Abu Abbas, leader of the terrorist group that killed an American on the hijacked cruise liner the MS Achille Lauro. Which group ? Palestinian Liberation Front
50%
1927 – Which car manufacturer displays their first car in Gothenburg, Sweden ? Volvo
50%
1205 – Battle of Adrianople between the Crusaders and which people ? Bulgarians
0%
1981 – The first operational Space Shuttle completes its first test flight, what was it called ? Columbia
0%
1902 – James Cash Penney opens his first store in which city ? Kemmerer, Wyoming
0%
1942 – Which island receives the George Cross for its gallantry by King George VI and is now an emblem on its flag ? Malta
0%
1434 – The foundation stone is laid at the start of the construction of which French Cathedral ? Nantes
0%
2005 – The Supreme Court nullifies marriage licenses issued to same-sex couples a year earlier by Multnomah County in which state ? Oregon
0%
1945 – Ritchie Blackmore, English guitarist and songwriter, founding member of rock bands Deep Purple and Rainbow, is born in which English seaside resort ? Weston-super-Mare, Somerset
0%
No matching quizzes found
Score Distribution
Percent of People with Each Score
Percentile by Number Answered
Your Score History
You have not taken this quiz